01516nam a2200373 a 4500999001500000001001900015003000400034005001700038008004100055015001600096017004600112020001500158035002500173035002100198040002300219043001200242080002300254090002500277090002500302100002400327245015100351260014100502300003300643490002300676504002800699650006100727650005900788830005700847907007000904908003700974940000701011942001301018952011101031 c7894d7894991001966789706706OSt20240523165709.0910429s1988 spcab || 000 ||spa  aLL19912bnc aDL B. 16230-1988bBiblioteca de Catalunya a8476580916 a(ES-BaCBU).b1043284x a(OCoLC)801930197 aES-BaBCbcatcCDMR ae-ur--- a621.039(477)"1986" aTK1362.U37bV55 1988 aTK1362.U37bV55 19881 aVilanova, Santiago,10aChernobil: el fin del mito nuclear :bel impacto informativo y biológico del mayor accidente de la industria electronuclear /cSantiago Vilanova aBarcelona :bAnthropos :bServicio Editorial. Universidad del País Vasco = Argitarapen Zerbitzua. Euskal Herriko Unibertsitatea,c1988 a276 p. :bil., map. ;c20 cm1 aNueva ciencia ;v3 aBibliografia p. 251-254 7aTxernòbil, Accident Nuclear de, Ucraïna, 19862lemac 0aMitjans de comunicació de massa i medi ambient92077 0aNueva ciencia (Anthropos, Editorial del Hombre) ;v3 a.b1043284xb15-06-21c06-05-08d06-05-08emfag-hspaispcj0k8 aAHCBaBABaBCaUABaUBaUPCaUPF aBC 2udccMON 00104071aCDMRbCDMRd2024-05-23eDonacióg36.00l0oDi /53pCDMR24050009r2024-05-23w2024-05-23yMON